Theologie apoštola Pavla

Bibliographic Details
Main Author: Souček, Josef Bohumil, 1902-1972 (Author)
Format: Book
Language:Undetermined
Published: Praha 1976

MARC

LEADER 00000nam a2200000 a 4500
001 vtls001350279
003 SK-MaSNL
005 20260301114814.0
008 240318s1976 xx 0 und
035 |a SNK000303610 
040 |a SNK  |b slo  |c SNK  |e AACR2 
100 1 |a Souček, Josef Bohumil,  |d 1902-1972  |4 aut  |9 121466 
245 1 0 |a Theologie apoštola Pavla 
260 |a Praha  |c 1976 
300 |a 252 s. 
958 |a OND 
999 |c 719821  |d 721751 
952 |t P60, <04>, [BOOK], {604}  |a SNK  |b SNK  |y VYP  |7 0  |p 17A0172785  |o snkIC 66557 D1  |0 0  |1 1  |4 0  |d 1998-12-04  |l 0  |r 2005-01-02 00:00:00  |w 2026-02-23 
952 |t P60, <04>, [BOOK], {604}  |a SNK  |b SNK  |y VYP  |7 0  |p 17A0211862  |o snkIC 66557  |0 0  |1 0  |4 0  |d 1999-09-27  |l 0  |r 2005-01-02 00:00:00  |w 2026-02-23